Statystyki dla Miasta z najdłuższymi systemami metra

Kliknij tutaj aby rozwiązać quiz!

Ogólne statystyki

  • Ten quiz został rozwiązany 17 razy
  • Średni wynik to 13 z 20

Statystyki odpowiedzi

PaństwoDługość (km)Odpowiedź% Poprawnych
Rosja424,7Moskwa
100%
Chiny783Pekin
100%
Chiny673Szanghaj
100%
Wielka Brytania402Londyn
94%
Hiszpania310Madryt
94%
USA394Nowy Jork
94%
Francja218,2Paryż
94%
Korea Południowa314Seul
94%
Japonia195,1Tokio
94%
Meksyk226,5Meksyk
88%
Indie190Delhi
75%
USA171Waszyngton
69%
Chiny514Kanton
56%
Chiny339Wuhan
38%
Chiny302Chengdu
25%
Chiny378Nankin
19%
Chiny266,3Hong Kong
6%
Chiny303Shenzhen
6%
Chiny233Tiencin
6%
Chiny330Chongqing
0%

Rozkład punktacji

Percentyl według liczby udzielonych odpowiedzi

Procent ludzi z każdym wynikiem

Twoja historia wyników

Nie rozwiązałeś tego quizu